ROBBINS & COTRAN PATHOLOGIC BASIC OF DISEASE -VOL -I (Record no. 8178)

MARC details
000 -LEADER
fixed length control field 00493nam a22001817a 4500
005 - DATE AND TIME OF LATEST TRANSACTION
control field 20230118120820.0
008 - FIXED-LENGTH DATA ELEMENTS--GENERAL INFORMATION
fixed length control field 221221b |||||||| |||| 00| 0 eng d
020 ## - INTERNATIONAL STANDARD BOOK NUMBER
ISBN 978-81-312-6211-5
041 ## - LANGUAGE CODE
Language code of text/sound track or separate title eng
082 ## - DEWEY DECIMAL CLASSIFICATION NUMBER
Classification number 616.07 SIN- R
100 ## - MAIN ENTRY--AUTHOR NAME
Personal name SINGH, MANOJ .K AND KUMAR, VINAY
245 ## - TITLE STATEMENT
Title ROBBINS & COTRAN PATHOLOGIC BASIC OF DISEASE -VOL -I
250 ## - EDITION STATEMENT
Edition statement 10th ed.
260 ## - PUBLICATION, DISTRIBUTION, ETC. (IMPRINT)
Name of publisher ELSEVIER
Year of publication 2021
300 ## - PHYSICAL DESCRIPTION
Number of Pages 1356;P.
650 ## - SUBJECT ADDED ENTRY--TOPICAL TERM
Topical Term BPT PHARMACY
General subdivision D.PHARMA
942 ## - ADDED ENTRY ELEMENTS (KOHA)
Koha item type Books
Holdings
Lost status Damaged status Collection code Home library Current library Shelving location Date acquired Source of acquisition Full call number Accession Number Koha item type
    PHYSIOTHERAPY JRU Library JRU Library Shelf - 25- C 19/11/2022 LOHIA BOOK INTERNATIONAL 616.07 27262 Books